000 01088nam a2200205 i 4500
001 157205
003 ES-MaACL
005 20250826010149.0
008 991028s1891 sp |||| | spa d
100 1 _aLastres y Juiz, Francisco,
_d1848-1918
_970504
245 1 0 _aAbordaje de los vapores La France y Sud-América y naufragio del segundo ocurrido en el Puerto de la Luz, Islas Canarias :
_brecurso de casación relativo a incompetencia de la jurisdicción española para entender en el litigio pendiente sobre abono de daños y perjuicios /
_credactado por Francisco Lastres y Juiz.
260 _aMadrid :
_b[s.n.],
_c1891 (
_fTip. de Manuel G. Hernández)
300 _a19 p. ;
_c23 cm.
650 4 _aDerecho marítimo-
_zEspaña
_911732
650 7 _aCasación civil
_2embne
_9153753
650 4 _aNaufragios-
_zAtlántico.
_9156329
852 4 _aES-MaACL
_jT-549-F-6
_z- Enc. hol., conservando enc. original
_z- Enc. en un vol. facticio
852 4 _aES-MaACL
_jT-1262-F-3
_z- Enc. hol., conservando enc. original
_z- Enc. en un vol. facticio
999 _c157205
_d157205